000 00822nam a2200265Ia 4500
003 OSt
005 20220925231637.0
006 a|||||r|||| 00| 0
007 ta
008 220923b |||||||| |||| 00| 0 eng d
037 _cGeneral Book
040 _aRTL
_cRTL
_beng
041 _2eng
_aeng
082 _aY:677.1(X).N8, M8
100 _aHall Anthony
_9295854
245 0 _aDevelopment policies
_bSociological perspectives
260 _aManchester
_bManchester University Press
_c1988
300 _a154p
_ccm.
490 _aContemporary Issues in Development Studies
500 _aBibliography P 134-148
650 _aSocial Development
_9230960
700 _a Midgley James
_9282388
942 _hY:677.1(X).N8, M8
_cGB
_2CC
999 _c589071
_d589071